000 00621nam a22002297a 4500
003 UA-OsUOA
001 93289
007 ta
008 20130117b un ||||| |||| 00| 0 ukr d
100 _aВиноградов И.
090 _a821.161.1
_bВ49
942 _cBK
040 _aUA-OsUOA
_brus
_cUA-OsUOA
_dUA-OsUOA
245 _aПлотина
_bроман
300 _a349 с.
955 _a2
041 _arus
080 _a821.161.1
260 _aЛенинград
_bСоветский писатель
_c1982
650 7 _a82 Література. Літературознавство
_2UDC
999 _c379535
_d379535